00482nam a2200145Ia 4500008004100000020001800041050002000059100002700079245005100106260003500157300001100192650001900203952009700222999001700319120626s9999 xx 000 0 und d a968-6285-10-5 aPN6108 G37 1989 aGARCIA Terrés, Jaime aBaile de máscaras / Jaime, García Terrés aMéxico : EL COLEGIO NACIONAL a171 p. a1. PoesíaÌ 00104070a11b11d2010-05-18l0oPN6108 G37 1989p11 008509r2012-06-26t1w2012-06-26yLB c72569d72569